00704nam a2200181 a 4500008004100000020001500041050001500056100001800071245006200089260003600151300002100187350000900208650003100217650003300248995009400281999001700375952013000392120416s2000 ||||||||||||||||| || u a0139603786 aTD 791 Sha aShah, Kanti L10aBasics of solid and hazardous waste management technology aNew JerseybPrentice Hallc2000 aix, 534p. : ill. a0.00 aREFUSE AND REFUSE DISPOSAL aHAZARDOUS WASTES--MANAGEMENT D0.00FCBU-MAIN LIBRARY (Kitwe)H1I37.00M1UDAMAGEDZMain Library Open Access Collection c35645d35645 00102lcc4070a001b001cMain Library Open Access Collectiond2022-11-30l0oTD 791 Shap40168r2022-11-30w2022-11-30y002